Countries that Search Bolivia the Most - Statistics

General Stats
  • This quiz has been taken 19 times
  • The average score is 9 of 10
Answer Stats
Google Trend Score Answer % Correct
1 Argentina
100%
1 Chile
94%
<1 Colombia
94%
2 Paraguay
94%
1 Peru
94%
<1 Venezuela
94%
1 Ecuador
89%
1 Uruguay
89%
<1 Spain
83%
<1 Panama
72%
No matching quizzes found
Score Distribution
Percent of People with Each Score
Percentile by Number Answered
Your Score History
You have not taken this quiz